<?xml version="1.0" encoding="UTF-8"?><?xml-stylesheet type="text/xsl" href="static/style.xsl"?><OAI-PMH xmlns="http://www.openarchives.org/OAI/2.0/" xmlns:xsi="http://www.w3.org/2001/XMLSchema-instance" xsi:schemaLocation="http://www.openarchives.org/OAI/2.0/ http://www.openarchives.org/OAI/2.0/OAI-PMH.xsd"><responseDate>2026-04-17T04:10:29Z</responseDate><request verb="GetRecord" identifier="oai:www.recercat.cat:2445/18873" metadataPrefix="marc">https://recercat.cat/oai/request</request><GetRecord><record><header><identifier>oai:recercat.cat:2445/18873</identifier><datestamp>2025-12-04T20:42:20Z</datestamp><setSpec>com_2072_1057</setSpec><setSpec>col_2072_478822</setSpec><setSpec>col_2072_478917</setSpec></header><metadata><record xmlns="http://www.loc.gov/MARC21/slim" xmlns:dcterms="http://purl.org/dc/terms/" xmlns:xsi="http://www.w3.org/2001/XMLSchema-instance" xmlns:doc="http://www.lyncode.com/xoai" xsi:schemaLocation="http://www.loc.gov/MARC21/slim http://www.loc.gov/standards/marcxml/schema/MARC21slim.xsd">
   <leader>00925njm 22002777a 4500</leader>
   <datafield ind2=" " ind1=" " tag="042">
      <subfield code="a">dc</subfield>
   </datafield>
   <datafield ind2=" " ind1=" " tag="720">
      <subfield code="a">Franzese, Giancarlo</subfield>
      <subfield code="e">author</subfield>
   </datafield>
   <datafield ind2=" " ind1=" " tag="720">
      <subfield code="a">Coniglio, Antonio, 1940-</subfield>
      <subfield code="e">author</subfield>
   </datafield>
   <datafield ind2=" " ind1=" " tag="260">
      <subfield code="c">2011-07-07T12:54:26Z</subfield>
   </datafield>
   <datafield ind2=" " ind1=" " tag="260">
      <subfield code="c">2011-07-07T12:54:26Z</subfield>
   </datafield>
   <datafield ind2=" " ind1=" " tag="260">
      <subfield code="c">1998</subfield>
   </datafield>
   <datafield ind2=" " ind1=" " tag="520">
      <subfield code="a">We have studied the Potts spin glass with two-state Ising spins and &#xd;
s&#xd;
-state Potts variables using a cluster Monte Carlo dynamics. The model recovers the &#xd;
±&#xd;
J&#xd;
 Ising spin glass (SG) for &#xd;
s&#xd;
=&#xd;
1&#xd;
 and exhibits for all &#xd;
s&#xd;
 a SG transition at &#xd;
T&#xd;
SG&#xd;
(&#xd;
s&#xd;
)&#xd;
 and a percolation transition at higher temperature &#xd;
T&#xd;
p&#xd;
(&#xd;
s&#xd;
)&#xd;
.&#xd;
 We have shown that for all values of &#xd;
s&#xd;
≠&#xd;
1&#xd;
 at &#xd;
T&#xd;
p&#xd;
(&#xd;
s&#xd;
)&#xd;
 there is a thermodynamic transition in the universality class of a ferromagnetic &#xd;
s&#xd;
-state Potts model. The efficiency of the cluster dynamics is compared with that of standard spin-flip dynamics.</subfield>
   </datafield>
   <datafield tag="653" ind2=" " ind1=" ">
      <subfield code="a">Model d'Ising</subfield>
   </datafield>
   <datafield tag="653" ind2=" " ind1=" ">
      <subfield code="a">Transformacions de fase (Física estadística)</subfield>
   </datafield>
   <datafield tag="653" ind2=" " ind1=" ">
      <subfield code="a">Mecànica estadística</subfield>
   </datafield>
   <datafield tag="653" ind2=" " ind1=" ">
      <subfield code="a">Ising model</subfield>
   </datafield>
   <datafield tag="653" ind2=" " ind1=" ">
      <subfield code="a">Phase transformations (Statistical physics)</subfield>
   </datafield>
   <datafield tag="653" ind2=" " ind1=" ">
      <subfield code="a">Statistical mechanics</subfield>
   </datafield>
   <datafield ind2="0" ind1="0" tag="245">
      <subfield code="a">Phase transitions in the Potts spin-glass model</subfield>
   </datafield>
</record></metadata></record></GetRecord></OAI-PMH>